000 00618nam a22001937i 4500
999 _c23300
_d23300
003 AR-CdUCM
008 250527b20212021 pe||||| |||| 00| 0 spa d
020 _a978-612-48462-9-8
040 _aMUNICIPALIDAD PROVINCIAL DEL CUSCO
_cBIBLIOTECA MUNICIPAL DEL CUSCO
041 _hspa
082 _aEP / 807 / B95R
_bB95R
100 _aBustamante Quispe, Mario
_951181
245 _aReencuentro ancestral :
_bOjotín y Goyo /
260 _aCusco .
_bAutor-Editor
_c2021
300 _a20 páginas. :
_bIlustraciones
_c25x17 cm.
856 _fwww.ojotincomic.blogspot.com
942 _2ddc
_cLIBROS
945 _apbjr
_d27-05-2025